000 01198naa a22003137a 4500
001 BR9606999
003 BR-BrBNA
005 20240918181557.0
007 ta
008 230509b bl.||||| |||| 00| 0 por d
040 _aBR-BrBNA
_bpor
_cBiblioteca Nacional de Agricultura
041 _a(Pt)
072 _aF01; E16
090 _aF01 BR9606999
100 1 _aNoda, S. do N.
100 1 _aPereira, H. dos S.
100 1 _aCastelo Branco, M.
100 1 _aNoda, H.
111 1 _a2. Encontro da Sociedade Brasileira de Sistemas de Producao
_cLondrina, PR (Brazil)
_d21-23 Nov 1995
245 1 _aOs processos de trabalho nos sistemas de producao de agriculturas familiares na varzea do estado do Amazonas
260 3 _aLondrina, PR (Brasil):
_c1995.
500 _a2. Encontro da Sociedade Brasileira de Sistemas de Producao. Anais Londrina, PR (Brasil): 1995. p. 148-165 (BR9606999-AM)F01
650 _aSistema de Producao
650 _aAgricultura
650 _aProducao Vegetal
773 0 _t2. Encontro da Sociedade Brasileira de Sistemas de Producao. Anais
_wF01 BR9606999
_gLondrina, PR (Brasil), 1995. p. 148-165
909 _a202404
_bLucia
_c55
_dLucia Elande
942 _cAM
_2AGRIS
999 _c325913
_d325913